| 000 | 00747pam a2200265 i 4500 | ||
|---|---|---|---|
| 008 | |||
| 020 | _a0471196029(pbk) | ||
| 049 | _aMAIN | ||
| 090 |
_aS938 _bDAS |
||
| 100 | 1 | _aDasmann, Raymond Fredric. | |
| 245 | 1 | 0 |
_aEnvironmental conservation / _cRaymond F. Dasmann. |
| 250 | _a4th ed. | ||
| 260 |
_aNew York : _bWiley, _cc1976. |
||
| 300 |
_axi, 427 p. : _bill. ; _c24 cm. |
||
| 504 | _aIncludes bibliographical references. | ||
| 500 | _aIncludes index. | ||
| 650 | 0 | _aConservation of natural resources. | |
| 650 | 0 | _aEcology. | |
| 650 | 0 | _aHuman ecology. | |
| 907 |
_a.b10166063 _b24-04-12 _c22-06-05 |
||
| 003 | |||
| 005 | 20230123134022.0 | ||
| 040 | _cNUST | ||
| 942 |
_cBOOKS _kS938 _mDAS |
||
| 999 |
_c158608 _d158608 |
||